| 000 | 00595nam a2200205Ia 4500 | ||
|---|---|---|---|
| 005 | 20260429112252.0 | ||
| 008 | 260429s9999||||xx |||||||||||||| ||und|| | ||
| 020 | _a9781440871429 | ||
| 041 | _aEnglish | ||
| 082 |
_a362.82 _bSAL |
||
| 100 | _aSalari, Sonia | ||
| 245 | 0 |
_aFamily violence and abuse : _ban encyclopedia of trends, issues, and solutions, Vol. 1 (A-L) / _cSonia Salari |
|
| 250 | _a1st ed. | ||
| 260 |
_aNew York : _bBloomsbury Academic, _c2024. |
||
| 300 | _axiii, 385 p.; hb | ||
| 440 | _vVol. 1 | ||
| 650 | _a United States | ||
| 650 | _aFamily violence | ||
| 942 | _cTB | ||
| 999 |
_c53226 _d53226 |
||